000 00686nam a2200217Ia 4500
003 OSt
005 20221007070222.0
006 a|||||r|||| 00| 0
007 ta
008 221006b |||||||| |||| 00| 0 eng d
024 _a18,658
037 _cReports / Technical Reports
040 _aFLL
_cFLL
_beng
041 _2eng
_aeng
082 _aZ1,26740aNRp, N61, K8
245 0 _aRecords of the diplomatic conference on the international protection of performers
260 _aGeneva
_bInternational Labour Organisation Geneva
_c1968
300 _a312p
_ccm.
942 _hZ1,26740aNRp, N61, K8
_cREP
_2CC
999 _c1139842
_d1139842